[Event "16th Rubinstein Memorial"]
[Site "Polanica Zdroj POL"]
[Date "1978.08.06"]
[Round "1"]
[White "Knezevic, Milorad"]
[Black "Bielczyk, Jacek"]
[WhiteElo "2505"]
[BlackElo "2380"]
[Result "1/2-1/2"]
[EventDate "1978.08.06"]
[PlyCount "28"]
1. d4 Nf6 2. c4 d6 3. Nc3 Nbd7 4. Nf3 g6 5. Bg5 h6 6. Bh4 g5 7. Bg3 Nh5 8. e3 e6 9. Qc2 Ndf6 10. Rd1 Bg7 11. Be2 O-O 12. e4 Ne8 13. e5 f5 14. exf6 Qxf6 1/2-1/2

[Event "16th Rubinstein Memorial"]
[Site "Polanica Zdroj POL"]
[Date "1978.08.06"]
[Round "1"]
[White "Sznapik, Aleksander"]
[Black "Farago, Ivan"]
[WhiteElo "2430"]
[BlackElo "2510"]
[Result "0-1"]
[EventDate "1978.08.06"]
[PlyCount "52"]
1. e4 e6 2. d4 d5 3. Nd2 Nf6 4. e5 Nfd7 5. c3 c5 6. Bd3 Nc6 7. Ne2 cxd4 8. cxd4 f6 9. exf6 Nxf6 10. Nf3 Qb6 11. Bf4 Qxb2 12. O-O Be7 13. Rb1 Qa3 14. Ne5 O-O 15. Rb3 Qa5 16. Qb1 Qd8 17. Bc2 Ne4 18. Nxc6 bxc6 19. Be5 Ba6 20. Bxe4 dxe4 21. Qxe4 Qd5 22. Qg4 Bf6 23. Rc1 Bxe5 24. dxe5 Qd2 25. Qxe6+ Kh8 26. Qxc6 Qxe2 0-1

[Event "16th Rubinstein Memorial"]
[Site "Polanica Zdroj POL"]
[Date "1978.08.07"]
[Round "2"]
[White "Farago, Ivan"]
[Black "Swic, Waldemar"]
[WhiteElo "2510"]
[BlackElo "2430"]
[Result "1-0"]
[EventDate "1978.08.06"]
[PlyCount "39"]
1. d4 Nf6 2. c4 g6 3. Nc3 d5 4. Nf3 Bg7 5. Bf4 O-O 6. e3 c5 7. dxc5 Qa5 8. Rc1 dxc4 9. Bxc4 Nc6 10. O-O Qxc5 11. Nb5 Qh5 12. h3 Be6 13. Be2 Rad8 14. Qa4 a6 15. Nc3 Nd5 16. Nd4 Nxc3 17. bxc3 Rxd4 18. Qc2 Qd5 19. cxd4 Nb4 20. Qc5 1-0

[Event "16th Rubinstein Memorial"]
[Site "Polanica Zdroj POL"]
[Date "1978.08.07"]
[Round "2"]
[White "Kuligowski, Adam"]
[Black "Garcia Martinez, Silvino"]
[WhiteElo "2310"]
[BlackElo "2435"]
[Result "0-1"]
[EventDate "1978.08.06"]
[PlyCount "66"]
1. d4 Nf6 2. c4 e6 3. Nf3 b6 4. g3 Ba6 5. Qa4 c6 6. Nc3 Be7 7. Bf4 b5 8. cxb5 cxb5 9. Nxb5 Nd5 10. Bd2 O-O 11. e4 Nb6 12. Qb3 d5 13. exd5 Nxd5 14. Nc3 Bxf1 15. Kxf1 Nb6 16. Rd1 Nc6 17. Bc1 Qc8 18. Kg2 Rb8 19. Qc2 Rd8 20. Bg5 h6 21. Bxe7 Nxe7 22. Qe2 Nf5 23. Ne4 Rd5 24. b3 Rb7 25. Rd3 Rc7 26. Rhd1 Nd7 27. Qe1 Qb7 28. Nc3 Rd6 29. d5 Nc5 30. R3d2 Re7 31. dxe6 Rdxe6 32. Rd8+ Kh7 33. Qd2 Nh4+ 0-1

[Event "16th Rubinstein Memorial"]
[Site "Polanica Zdroj POL"]
[Date "1978.08.07"]
[Round "2"]
[White "Schmidt, Wlodzimierz"]
[Black "Sznapik, Aleksander"]
[WhiteElo "2505"]
[BlackElo "2430"]
[Result "1/2-1/2"]
[EventDate "1978.08.06"]
[PlyCount "57"]
1. Nf3 g6 2. c4 Bg7 3. d4 Nf6 4. Nc3 O-O 5. e4 d6 6. Be3 Na6 7. Be2 c5 8. O-O Bd7 9. d5 Nc7 10. a4 b6 11. h3 a6 12. e5 Nfe8 13. Bf4 Rb8 14. Bd3 b5 15. b3 bxc4 16. bxc4 Rb4 17. Qd2 Bc8 18. Rab1 a5 19. Qe3 Na6 20. h4 Bg4 21. Nh2 Bc8 22. Rfe1 e6 23. Nf3 dxe5 24. Bxe5 f6 25. Bf4 e5 26. Bh6 Nd6 27. Bxg7 Kxg7 28. Nd2 Re8 29. g3 1/2-1/2

[Event "16th Rubinstein Memorial"]
[Site "Polanica Zdroj POL"]
[Date "1978.08.08"]
[Round "3"]
[White "Ghinda, Mihail Viorel"]
[Black "Farago, Ivan"]
[WhiteElo "2445"]
[BlackElo "2510"]
[Result "1/2-1/2"]
[EventDate "1978.08.06"]
[PlyCount "41"]
1. Nf3 Nf6 2. c4 e6 3. Nc3 d5 4. d4 Be7 5. Bg5 O-O 6. e3 Nbd7 7. Rc1 b6 8. Bd3 Bb7 9. cxd5 exd5 10. O-O Ne4 11. Bxe7 Qxe7 12. Nd2 c5 13. dxc5 Ndxc5 14. Nf3 Rad8 15. Nd4 Ne6 16. Nce2 N4c5 17. Re1 Qf6 18. b4 Nxd4 19. Nxd4 Ne6 20. Bb5 Nxd4 21. Qxd4 1/2-1/2

[Event "16th Rubinstein Memorial"]
[Site "Polanica Zdroj POL"]
[Date "1978.08.08"]
[Round "3"]
[White "Sznapik, Aleksander"]
[Black "Boensch, Uwe"]
[WhiteElo "2430"]
[BlackElo "2490"]
[Result "1-0"]
[EventDate "1978.08.06"]
[PlyCount "79"]
1. e4 c5 2. Nf3 d6 3. d4 cxd4 4. Nxd4 Nf6 5. Nc3 a6 6. Be2 e6 7. O-O Be7 8. f4 O-O 9. Qe1 Nc6 10. Be3 Bd7 11. Qg3 b5 12. a3 Rc8 13. Kh1 Kh8 14. e5 Ne8 15. Rad1 Qc7 16. Nf3 b4 17. axb4 Nxb4 18. Rd2 Bc6 19. Ng5 Bxg5 20. fxg5 dxe5 21. g6 f5 22. Qh4 Nf6 23. Qxb4 f4 24. Bc5 Bxg2+ 25. Kxg2 Qxc5 26. Qxc5 Rxc5 27. Bxa6 hxg6 28. Bd3 g5 29. h3 Nd5 30. Re2 Nb4 31. Bg6 Rd8 32. Rfe1 Nc6 33. Ne4 Rb5 34. Nxg5 Kg8 35. c3 Rbb8 36. b4 e4 37. Nxe4 Ne5 38. Bh5 Nd3 39. Rd1 Rf8 40. Bf3 1-0

[Event "16th Rubinstein Memorial"]
[Site "Polanica Zdroj POL"]
[Date "1978.08.09"]
[Round "4"]
[White "Boensch, Uwe"]
[Black "Swic, Waldemar"]
[WhiteElo "2490"]
[BlackElo "2430"]
[Result "0-1"]
[EventDate "1978.08.06"]
[PlyCount "74"]
1. Nf3 Nf6 2. b3 g6 3. Bb2 Bg7 4. e3 O-O 5. Be2 c5 6. c4 Nc6 7. O-O d5 8. cxd5 Qxd5 9. Nc3 Qd7 10. d4 cxd4 11. exd4 Rd8 12. Na4 Qd6 13. Bc4 b6 14. Re1 e6 15. Qe2 Bb7 16. Ne5 Nd5 17. Rad1 Nce7 18. g3 Rf8 19. Bd3 Rac8 20. Be4 Rc7 21. Rc1 Rfc8 22. Bg2 Nf5 23. Rxc7 Qxc7 24. Qb5 a6 25. Qe2 Nb4 26. Bxb7 Qxb7 27. Bc3 Nd5 28. Bb2 Bf8 29. h3 Nb4 30. Ng4 Bg7 31. Qd2 Nc2 32. Rc1 Ncxd4 33. Rxc8+ Qxc8 34. Nh2 b5 35. Nc3 Qc6 36. g4 Nh4 37. Ne2 Nhf3+ 0-1

[Event "16th Rubinstein Memorial"]
[Site "Polanica Zdroj POL"]
[Date "1978.08.09"]
[Round "4"]
[White "Diesen, Mark C"]
[Black "Knezevic, Milorad"]
[WhiteElo "2440"]
[BlackElo "2505"]
[Result "1-0"]
[EventDate "1978.08.06"]
[PlyCount "44"]
1. d4 Nf6 2. c4 e6 3. Nc3 Bb4 4. g3 O-O 5. Bg2 d5 6. Nf3 Nc6 7. O-O dxc4 8. Re1 Rb8 9. a3 Be7 10. Qa4 b5 11. Nxb5 Bd7 12. Nxa7 Nb4 13. Qd1 Nbd5 14. Ne5 Qe8 15. e4 Ba4 16. Qd2 Nb4 17. axb4 Bxb4 18. Qe2 Bxe1 19. Qxe1 Bb5 20. Bd2 Nd7 21. Bb4 c5 22. Nxd7 cxb4 1-0

[Event "16th Rubinstein Memorial"]
[Site "Polanica Zdroj POL"]
[Date "1978.08.09"]
[Round "4"]
[White "Schmidt, Wlodzimierz"]
[Black "Ghinda, Mihail Viorel"]
[WhiteElo "2505"]
[BlackElo "2445"]
[Result "1/2-1/2"]
[EventDate "1978.08.06"]
[PlyCount "40"]
1. Nf3 Nf6 2. c4 g6 3. d4 Bg7 4. g3 O-O 5. Bg2 d6 6. Nc3 Nc6 7. O-O a6 8. d5 Na5 9. Nd2 c5 10. Qc2 Rb8 11. b3 b5 12. Bb2 e6 13. dxe6 fxe6 14. cxb5 axb5 15. Nce4 Bb7 16. Rad1 Qe7 17. Bxf6 Bxf6 18. h4 Bg7 19. Nf3 Bd5 20. Neg5 Bf6 1/2-1/2

[Event "16th Rubinstein Memorial"]
[Site "Polanica Zdroj POL"]
[Date "1978.08.??"]
[Round "5"]
[White "Farago, Ivan"]
[Black "Schmidt, Wlodzimierz"]
[WhiteElo "2510"]
[BlackElo "2505"]
[Result "1/2-1/2"]
[EventDate "1978.08.06"]
[PlyCount "32"]
1. d4 Nf6 2. c4 g6 3. Nc3 d5 4. Nf3 Bg7 5. Bf4 O-O 6. e3 c5 7. dxc5 Qa5 8. Rc1 dxc4 9. Bxc4 Qxc5 10. Bb3 Nc6 11. O-O Qa5 12. h3 Bf5 13. Nd4 Bd7 14. Qe2 Rfd8 15. Rfd1 Rac8 16. Nxc6 Bxc6 1/2-1/2

[Event "16th Rubinstein Memorial"]
[Site "Polanica Zdroj POL"]
[Date "1978.08.10"]
[Round "5"]
[White "Ghinda, Mihail Viorel"]
[Black "Boensch, Uwe"]
[WhiteElo "2445"]
[BlackElo "2490"]
[Result "1-0"]
[EventDate "1978.08.06"]
[PlyCount "81"]
1. e4 c5 2. Nf3 d6 3. d4 cxd4 4. Nxd4 Nf6 5. Nc3 a6 6. f4 e6 7. Qf3 Qb6 8. Nb3 Nc6 9. Bd3 Be7 10. Be3 Qc7 11. g4 b5 12. O-O Bb7 13. g5 Nd7 14. Qh3 b4 15. Ne2 e5 16. f5 Nd8 17. Ng3 a5 18. Qg4 a4 19. Nd2 Ba6 20. Kh1 Nc5 21. Bxc5 Qxc5 22. f6 gxf6 23. gxf6 Bf8 24. Nh5 Ne6 25. Nf3 Bc8 26. Nh4 Bd7 27. Ng7+ Kd8 28. Qh5 Bxg7 29. fxg7 Nxg7 30. Qg5+ Kc7 31. Qxg7 Rhg8 32. Qxf7 Rg4 33. Nf5 Rag8 34. Ne7 R8g7 35. Nd5+ Kc6 36. Qf8 Kb7 37. a3 b3 38. cxb3 Qd4 39. Qd8 Bc6 40. Rad1 Bxd5 41. Ba6+ 1-0

[Event "16th Rubinstein Memorial"]
[Site "Polanica Zdroj POL"]
[Date "1978.08.10"]
[Round "5"]
[White "Swic, Waldemar"]
[Black "Bielczyk, Jacek"]
[WhiteElo "2430"]
[BlackElo "2380"]
[Result "1/2-1/2"]
[EventDate "1978.08.06"]
[PlyCount "66"]
1. e4 c5 2. Nf3 Nc6 3. d4 cxd4 4. Nxd4 Nf6 5. Nc3 e5 6. Ndb5 d6 7. Bg5 a6 8. Na3 b5 9. Bxf6 gxf6 10. Nd5 f5 11. Bd3 Be6 12. Qh5 Bg7 13. c3 O-O 14. exf5 Bxd5 15. f6 e4 16. fxg7 Re8 17. Be2 Re5 18. Qh6 Qg5 19. Qxg5 Rxg5 20. O-O b4 21. Nc2 bxc3 22. bxc3 Be6 23. Rfd1 Rc5 24. Rxd6 Rxc3 25. Nd4 Nxd4 26. Rxd4 e3 27. fxe3 Rxe3 28. Kf2 Ra3 29. Rd2 Kxg7 30. Rb1 Rxa2 31. Rxa2 Bxa2 32. Ra1 Bd5 33. Rxa6 Bxg2 1/2-1/2

[Event "16th Rubinstein Memorial"]
[Site "Polanica Zdroj POL"]
[Date "1978.08.12"]
[Round "6"]
[White "Bielczyk, Jacek"]
[Black "Ghinda, Mihail Viorel"]
[WhiteElo "2380"]
[BlackElo "2445"]
[Result "1/2-1/2"]
[EventDate "1978.08.06"]
[PlyCount "34"]
1. e4 c5 2. Nf3 e6 3. d4 cxd4 4. Nxd4 Nf6 5. Nc3 d6 6. g3 a6 7. Bg2 Qc7 8. a4 Be7 9. O-O Nc6 10. Be3 O-O 11. h3 Bd7 12. Qe2 Rfc8 13. Nxc6 Bxc6 14. a5 Nd7 15. Rfd1 h6 16. Bd4 Re8 17. Kh2 Rac8 1/2-1/2

[Event "16th Rubinstein Memorial"]
[Site "Polanica Zdroj POL"]
[Date "1978.08.12"]
[Round "6"]
[White "Boensch, Uwe"]
[Black "Farago, Ivan"]
[WhiteElo "2490"]
[BlackElo "2510"]
[Result "1-0"]
[EventDate "1978.08.06"]
[PlyCount "81"]
1. Nf3 Nf6 2. b3 d5 3. Bb2 e6 4. e3 b6 5. Ne5 Bb7 6. f4 Bd6 7. Bb5+ c6 8. Bd3 O-O 9. O-O Ne4 10. Rf3 Nd7 11. Rh3 Bxe5 12. fxe5 f5 13. Qh5 h6 14. Bxe4 dxe4 15. Qg6 Qe8 16. Rxh6 Qxg6 17. Rxg6 Kf7 18. Rg5 Rad8 19. a4 a5 20. Na3 Ba6 21. h4 Rh8 22. h5 Be2 23. Nc4 Rxh5 24. Nd6+ Kg8 25. Rxh5 Bxh5 26. Kf2 Nf8 27. d3 exd3 28. cxd3 Nd7 29. Rh1 g6 30. d4 Nf6 31. exf6 Rxd6 32. Ba3 c5 33. dxc5 bxc5 34. Bxc5 Rd2+ 35. Kg3 Kf7 36. Bd4 Rd1 37. Rxd1 Bxd1 38. b4 axb4 39. a5 Ba4 40. Kf2 Bc6 41. g3 1-0

[Event "16th Rubinstein Memorial"]
[Site "Polanica Zdroj POL"]
[Date "1978.08.12"]
[Round "6"]
[White "Diesen, Mark C"]
[Black "Tseitlin, Mark"]
[WhiteElo "2440"]
[BlackElo "2381"]
[Result "1/2-1/2"]
[EventDate "1978.08.06"]
[PlyCount "36"]
1. e4 c5 2. Nf3 Nc6 3. d4 cxd4 4. Nxd4 Nf6 5. Nc3 e5 6. Ndb5 d6 7. Bg5 a6 8. Na3 b5 9. Bxf6 gxf6 10. Nd5 f5 11. Bxb5 axb5 12. Nxb5 Ra4 13. Nbc7+ Kd7 14. O-O Ra7 15. Nb5 Rb7 16. c4 f4 17. Qg4+ Ke8 18. Nf6+ Ke7 1/2-1/2

[Event "16th Rubinstein Memorial"]
[Site "Polanica Zdroj POL"]
[Date "1978.08.12"]
[Round "6"]
[White "Garcia Martinez, Silvino"]
[Black "Knezevic, Milorad"]
[WhiteElo "2435"]
[BlackElo "2505"]
[Result "1/2-1/2"]
[EventDate "1978.08.06"]
[PlyCount "80"]
1. c4 f5 2. Nc3 Nf6 3. d4 g6 4. Bg5 Bg7 5. Nf3 Ne4 6. Bd2 d6 7. Qc2 Nxd2 8. Qxd2 Nc6 9. e3 O-O 10. Be2 e5 11. d5 Nb8 12. O-O-O Nd7 13. Ne1 Nc5 14. f3 e4 15. f4 Bd7 16. Nc2 a5 17. Kb1 c6 18. Rc1 Qb6 19. Rhd1 Rfd8 20. Na3 Re8 21. Ka1 Rad8 22. h3 Bc8 23. Rb1 Re7 24. Nc2 a4 25. Nd4 Bd7 26. Nc2 Bc8 27. Bf1 Qa7 28. Rbc1 a3 29. Nxa3 Nd3 30. Bxd3 exd3 31. Re1 Rde8 32. Qxd3 Rxe3 33. Rxe3 Qxe3 34. Qxe3 Rxe3 35. Nab1 Bh6 36. Rf1 Rd3 37. b3 Rd4 38. g3 Rd3 39. dxc6 Rxg3 40. c7 Bg7 1/2-1/2

[Event "16th Rubinstein Memorial"]
[Site "Polanica Zdroj POL"]
[Date "1978.08.12"]
[Round "6"]
[White "Kuligowski, Adam"]
[Black "Sznapik, Aleksander"]
[WhiteElo "2310"]
[BlackElo "2430"]
[Result "1/2-1/2"]
[EventDate "1978.08.06"]
[PlyCount "94"]
1. d4 Nf6 2. c4 g6 3. Nc3 Bg7 4. e4 d6 5. f3 O-O 6. Be3 e5 7. d5 c6 8. Bd3 cxd5 9. cxd5 Ne8 10. Qd2 f5 11. exf5 gxf5 12. Nge2 Nd7 13. O-O Ndf6 14. Bg5 Kh8 15. Kh1 Qe7 16. Ng3 f4 17. Nge4 Qf7 18. Bxf6 Bxf6 19. Rac1 Bd8 20. Bb5 Bd7 21. Qe2 a6 22. Bxd7 Qxd7 23. Qf2 Ng7 24. g4 fxg3 25. hxg3 Nf5 26. Rce1 Rg8 27. Rg1 Be7 28. Ref1 Raf8 29. Rg2 Bd8 30. Rh2 Rg6 31. g4 Nd4 32. Qg2 Rf4 33. Rh3 Qf7 34. Ne2 Nxe2 35. Qxe2 Qxd5 36. Rd1 Qc6 37. Qd3 Qd7 38. Nc5 Qg7 39. Ne4 Rh6 40. Rxh6 Qxh6+ 41. Kg2 Be7 42. Qd5 Qf8 43. Nxd6 Bxd6 44. Qxd6 Qxd6 45. Rxd6 e4 46. fxe4 Rxe4 47. Kf3 Re7 1/2-1/2

[Event "16th Rubinstein Memorial"]
[Site "Polanica Zdroj POL"]
[Date "1978.08.13"]
[Round "7"]
[White "Farago, Ivan"]
[Black "Bielczyk, Jacek"]
[WhiteElo "2510"]
[BlackElo "2380"]
[Result "1-0"]
[EventDate "1978.08.06"]
[PlyCount "77"]
1. d4 d5 2. c4 Bf5 3. Nc3 e6 4. Nf3 Nf6 5. cxd5 exd5 6. Bg5 c6 7. Qb3 Nbd7 8. Qxb7 Rb8 9. Qxc6 Rxb2 10. g4 Bc2 11. Bxf6 gxf6 12. Bg2 Rb6 13. Qxd5 Qc7 14. Ne4 Bb4+ 15. Nfd2 h5 16. a3 Bb3 17. Qf5 Be6 18. Qf3 hxg4 19. Qg3 Bxd2+ 20. Nxd2 Qc2 21. d5 Bf5 22. Qe3+ Kf8 23. O-O Qc7 24. Qg3 Ne5 25. Rfc1 Qe7 26. Qf4 Bd7 27. Ne4 Kg7 28. Rd1 Rh6 29. d6 Qd8 30. Rab1 Ng6 31. Qe3 f5 32. Qd4+ f6 33. Rxb6 axb6 34. Nc3 Qh8 35. Nd5 Ne5 36. Qf4 Ng6 37. Qg3 Bc6 38. Ne7 Nxe7 39. dxe7 1-0

[Event "16th Rubinstein Memorial"]
[Site "Polanica Zdroj POL"]
[Date "1978.08.13"]
[Round "7"]
[White "Swic, Waldemar"]
[Black "Kuligowski, Adam"]
[WhiteElo "2430"]
[BlackElo "2310"]
[Result "1/2-1/2"]
[EventDate "1978.08.06"]
[PlyCount "36"]
1. e4 c5 2. Nf3 d6 3. d4 cxd4 4. Nxd4 Nf6 5. Nc3 a6 6. a4 g6 7. g3 Bg7 8. Bg2 O-O 9. h3 Nc6 10. Nde2 Bd7 11. O-O Rc8 12. Be3 Nb4 13. a5 Be6 14. Ra4 Nc6 15. Bb6 Qe8 16. Nd5 Ne5 17. b3 Bxd5 18. exd5 Ned7 1/2-1/2

[Event "16th Rubinstein Memorial"]
[Site "Polanica Zdroj POL"]
[Date "1978.08.13"]
[Round "7"]
[White "Sznapik, Aleksander"]
[Black "Diesen, Mark C"]
[WhiteElo "2430"]
[BlackElo "2440"]
[Result "0-1"]
[EventDate "1978.08.06"]
[PlyCount "80"]
1. e4 c5 2. Nf3 d6 3. d4 cxd4 4. Nxd4 Nf6 5. Nc3 a6 6. Be2 Nbd7 7. f4 e5 8. Nb3 b5 9. a3 Bb7 10. Bf3 Rc8 11. Qe2 Be7 12. O-O O-O 13. Kh1 Re8 14. fxe5 dxe5 15. Bg5 Nb6 16. Rad1 Nfd7 17. Bc1 Qc7 18. Bg4 Rcd8 19. Rd3 Nf6 20. Rg3 Nxg4 21. Qxg4 Bf8 22. Bg5 Rd6 23. Bf6 Qc4 24. Kg1 Bc8 25. Qf3 Qe6 26. Bxe5 Rd7 27. Bd4 Bb7 28. Qe3 Nc4 29. Qg5 Rxd4 30. Nxd4 Qb6 31. Nce2 Rxe4 32. Qf5 Qc7 33. Qf2 Nxb2 34. Kh1 Bd6 35. Rxg7+ Kxg7 36. Nf5+ Kh8 37. Nh6 f5 38. Qxf5 Qg7 39. Nf7+ Kg8 40. Nc3 Rh4 0-1

[Event "16th Rubinstein Memorial"]
[Site "Polanica Zdroj POL"]
[Date "1978.08.14"]
[Round "8"]
[White "Diesen, Mark C"]
[Black "Swic, Waldemar"]
[WhiteElo "2440"]
[BlackElo "2430"]
[Result "1/2-1/2"]
[EventDate "1978.08.06"]
[PlyCount "55"]
1. d4 Nf6 2. c4 g6 3. Nc3 d5 4. Nf3 Bg7 5. Qb3 dxc4 6. Qxc4 O-O 7. e4 a6 8. Be2 b5 9. Qb3 Bb7 10. e5 Ne4 11. O-O Nxc3 12. Qxc3 Bd5 13. a4 c6 14. Ne1 Nd7 15. Nd3 a5 16. axb5 cxb5 17. Nf4 b4 18. Qd3 Bc6 19. Be3 Nb6 20. Rfc1 Bb7 21. Qb3 e6 22. Rc5 Re8 23. Bb5 Re7 24. Bc6 Bxc6 25. Rxc6 Rb7 26. Rd6 Qe8 27. Nd3 Nc8 28. Nc5 1/2-1/2

[Event "16th Rubinstein Memorial"]
[Site "Polanica Zdroj POL"]
[Date "1978.08.14"]
[Round "8"]
[White "Kuligowski, Adam"]
[Black "Ghinda, Mihail Viorel"]
[WhiteElo "2310"]
[BlackElo "2445"]
[Result "1/2-1/2"]
[EventDate "1978.08.06"]
[PlyCount "47"]
1. c4 g6 2. e4 e5 3. d4 d6 4. Nc3 Nc6 5. d5 Nce7 6. g4 Nf6 7. f3 Nd7 8. h4 f5 9. h5 f4 10. Qe2 g5 11. Nh3 h6 12. Nf2 a6 13. Nd3 c5 14. Bd2 Rb8 15. a3 Qc7 16. Nc1 Ng8 17. b4 Ngf6 18. Nb3 b6 19. Qf2 Be7 20. Be2 Bd8 21. Kd1 O-O 22. Kc2 Rf7 23. Rhb1 Rb7 24. Rb2 1/2-1/2

[Event "16th Rubinstein Memorial"]
[Site "Polanica Zdroj POL"]
[Date "1978.08.15"]
[Round "9"]
[White "Boensch, Uwe"]
[Black "Bielczyk, Jacek"]
[WhiteElo "2490"]
[BlackElo "2380"]
[Result "1-0"]
[EventDate "1978.08.06"]
[PlyCount "79"]
1. Nf3 Nf6 2. c4 g6 3. b4 Bg7 4. Bb2 O-O 5. e3 d6 6. Be2 e5 7. O-O Re8 8. d3 Nbd7 9. Nc3 c6 10. Qc2 Qe7 11. Rfd1 Nh5 12. b5 Nf8 13. bxc6 bxc6 14. Ba3 f5 15. Rab1 Ne6 16. Qa4 Qd7 17. Qa5 Nf6 18. d4 e4 19. d5 Nd8 20. Nd4 c5 21. Ne6 Nxe6 22. dxe6 Rxe6 23. Nd5 Ne8 24. Rb5 Bb7 25. Rdb1 Bc6 26. Rb8 Kf7 27. g3 Bf8 28. Rxa8 Bxa8 29. Rb8 Bc6 30. Bd1 Bg7 31. Bb3 Bf8 32. Qa6 Bg7 33. Ba4 Bxa4 34. Rb7 Nf6 35. Qxa7 Nxd5 36. Rxd7+ Bxd7 37. Qxd7+ Ne7 38. Bc1 g5 39. Bd2 Be5 40. Ba5 1-0

[Event "16th Rubinstein Memorial"]
[Site "Polanica Zdroj POL"]
[Date "1978.08.15"]
[Round "9"]
[White "Farago, Ivan"]
[Black "Kuligowski, Adam"]
[WhiteElo "2510"]
[BlackElo "2310"]
[Result "1-0"]
[EventDate "1978.08.06"]
[PlyCount "77"]
1. d4 d5 2. c4 Bf5 3. cxd5 Bxb1 4. Qa4+ c6 5. Rxb1 Qxd5 6. Nf3 Nd7 7. Bd2 Nb6 8. Qa5 Nc4 9. Qxd5 cxd5 10. e3 Nd6 11. Rc1 e6 12. Bd3 Ne7 13. Ke2 f6 14. Bb4 Nc6 15. Ba3 Be7 16. Ba6 Kd7 17. Bxd6 bxa6 18. Rxc6 Bxd6 19. Rxa6 Rac8 20. Rd1 Rc7 21. Ne1 Rb8 22. Nd3 Rb6 23. Ra5 h5 24. b3 a6 25. Nc5+ Bxc5 26. dxc5 Rbc6 27. b4 Rb7 28. a3 Kc7 29. Kd3 Rb5 30. Rxb5 axb5 31. Kc3 Ra6 32. Kb3 Ra8 33. f3 Rd8 34. a4 bxa4+ 35. Kxa4 Kc6 36. Kb3 Ra8 37. e4 Ra7 38. exd5+ exd5 39. Re1 1-0

[Event "16th Rubinstein Memorial"]
[Site "Polanica Zdroj POL"]
[Date "1978.08.15"]
[Round "9"]
[White "Sznapik, Aleksander"]
[Black "Garcia Martinez, Silvino"]
[WhiteElo "2430"]
[BlackElo "2435"]
[Result "0-1"]
[EventDate "1978.08.06"]
[PlyCount "88"]
1. c4 Nf6 2. Nc3 c5 3. g3 e6 4. Nf3 b6 5. Bg2 Bb7 6. O-O a6 7. b3 d6 8. d4 cxd4 9. Qxd4 Nbd7 10. Bb2 Be7 11. e4 O-O 12. Rfe1 Qb8 13. h3 Rc8 14. Nd2 Ne8 15. f4 b5 16. Kh2 Bd8 17. Rad1 Bc6 18. Qd3 Ra7 19. Qe2 Bf6 20. Rb1 h6 21. Nd1 bxc4 22. Nxc4 Bb5 23. Nde3 Bxb2 24. Qxb2 Rb7 25. Na5 Rb6 26. Rbd1 Nc5 27. Qb1 Nb7 28. Nxb7 Rxb7 29. e5 Rb6 30. Ng4 Bc6 31. Re2 Bxg2 32. Rxg2 h5 33. exd6 hxg4 34. d7 Rd8 35. dxe8=Q+ Rxe8 36. hxg4 e5 37. f5 Rh6+ 38. Kg1 Qb6+ 39. Rf2 e4 40. Rdf1 e3 41. Re2 Qc6 42. Rg2 e2 43. Re1 Qc5+ 44. Rf2 Rh2 0-1

[Event "16th Rubinstein Memorial"]
[Site "Polanica Zdroj POL"]
[Date "1978.08.15"]
[Round "9"]
[White "Tseitlin, Mark"]
[Black "Knezevic, Milorad"]
[WhiteElo "2381"]
[BlackElo "2505"]
[Result "1/2-1/2"]
[EventDate "1978.08.06"]
[PlyCount "30"]
1. e4 e5 2. Nf3 Nf6 3. Nxe5 d6 4. Nf3 Nxe4 5. Qe2 Qe7 6. d3 Nf6 7. Nc3 c6 8. Bg5 Qxe2+ 9. Bxe2 Be7 10. O-O-O Na6 11. Rhe1 Nc7 12. Nd4 Be6 13. Nxe6 Nxe6 14. Bxf6 Bxf6 15. Ne4 Be7 1/2-1/2

[Event "16th Rubinstein Memorial"]
[Site "Polanica Zdroj POL"]
[Date "1978.08.16"]
[Round "10"]
[White "Garcia Martinez, Silvino"]
[Black "Swic, Waldemar"]
[WhiteElo "2435"]
[BlackElo "2430"]
[Result "0-1"]
[EventDate "1978.08.06"]
[PlyCount "60"]
1. c4 Nf6 2. Nc3 c5 3. g3 d5 4. cxd5 Nxd5 5. Bg2 e6 6. Nxd5 exd5 7. Qb3 Be6 8. Qxb7 Nd7 9. Nf3 Be7 10. O-O O-O 11. d3 Bf6 12. Bf4 g5 13. Bd6 Re8 14. e4 Qb6 15. Qxb6 axb6 16. e5 Bg7 17. Rfe1 h6 18. d4 g4 19. Nd2 cxd4 20. Nb3 Ra4 21. Bf1 Rea8 22. a3 d3 23. Bxd3 d4 24. Bb5 Nxe5 25. Bxe5 Bxb3 26. Bxa4 Rxa4 27. Bxg7 Kxg7 28. Re4 h5 29. Rc1 d3 30. Rxa4 Bxa4 0-1

[Event "16th Rubinstein Memorial"]
[Site "Polanica Zdroj POL"]
[Date "1978.08.16"]
[Round "10"]
[White "Knezevic, Milorad"]
[Black "Sznapik, Aleksander"]
[WhiteElo "2505"]
[BlackElo "2430"]
[Result "1-0"]
[EventDate "1978.08.06"]
[PlyCount "108"]
1. d4 Nf6 2. c4 g6 3. Nc3 Bg7 4. e4 d6 5. f4 O-O 6. Bd3 Bg4 7. Nge2 Nc6 8. h3 Bxe2 9. Nxe2 Nd7 10. d5 Nd4 11. Be3 c5 12. O-O Qb6 13. Rb1 a5 14. Nc3 Qa7 15. a4 Qb6 16. b3 Nf3+ 17. Qxf3 Bxc3 18. Kh1 Bd4 19. Bd2 Kg7 20. Bc2 Qc7 21. Rbe1 f6 22. h4 Rf7 23. Qh3 Rh8 24. h5 Rg8 25. Bd1 Nf8 26. Bg4 Kh8 27. hxg6 Rxg6 28. Bh5 Kg8 29. g3 Rfg7 30. Bxg6 hxg6 31. Kg2 Qb6 32. Rf3 Qd8 33. Qg4 Rh7 34. Rff1 Qb6 35. Rb1 Qd8 36. Rh1 Rg7 37. Rh3 f5 38. exf5 Qd7 39. Rbh1 Rf7 40. Bxa5 Rxf5 41. Qf3 e5 42. Rh8+ Kg7 43. Qg4 exf4 44. gxf4 Qe7 45. Re1 Qf6 46. Qh3 Kf7 47. Rh4 b6 48. Bxb6 Rg5+ 49. Kh1 Rf5 50. Re4 Bf2 51. Rh8 Qa1+ 52. Kg2 Qg1+ 53. Kf3 Rh5 54. Rxh5 gxh5 1-0

[Event "16th Rubinstein Memorial"]
[Site "Polanica Zdroj POL"]
[Date "1978.08.16"]
[Round "10"]
[White "Kuligowski, Adam"]
[Black "Schmidt, Wlodzimierz"]
[WhiteElo "2310"]
[BlackElo "2505"]
[Result "1/2-1/2"]
[EventDate "1978.08.06"]
[PlyCount "114"]
1. c4 c5 2. b3 Nf6 3. Bb2 e6 4. Nf3 Be7 5. g3 b6 6. Bg2 Bb7 7. O-O O-O 8. e3 d5 9. Qe2 dxc4 10. bxc4 Nc6 11. d3 Qc7 12. Nc3 Rac8 13. Rab1 Rfd8 14. Rfd1 Qb8 15. Bh3 Qa8 16. Ne1 Ne5 17. Nd5 Nxd5 18. cxd5 Rxd5 19. e4 Rd4 20. Nc2 Nc6 21. Nxd4 Nxd4 22. Bxd4 cxd4 23. Rdc1 Rxc1+ 24. Rxc1 Bc5 25. Qd2 a5 26. Qb2 Ba6 27. Bf1 Qd8 28. a4 h5 29. h4 g6 30. Be2 Qd7 31. Qc2 Bb7 32. Qc4 Bc6 33. Bd1 Kg7 34. Bb3 Qe7 35. f4 Qd7 36. Kh2 Qe7 37. Rc2 Qd7 38. Kg1 Qe7 39. Kf1 Qd7 40. Rc1 Qe8 41. Kf2 Qe7 42. Kf1 Qd7 43. Rc2 Qe8 44. Re2 Qd7 45. Rf2 Bb4 46. f5 exf5 47. exf5 gxf5 48. Qc1 Be7 49. Qf4 Kg6 50. Qb8 Bd8 51. Kg1 Bb7 52. Bc4 Qc6 53. Rh2 Qf3 54. Qxd8 Qe3+ 55. Kf1 Qc1+ 56. Kf2 Qd2+ 57. Kf1 Qd1+ 1/2-1/2

[Event "16th Rubinstein Memorial"]
[Site "Polanica Zdroj POL"]
[Date "1978.08.18"]
[Round "11"]
[White "Boensch, Uwe"]
[Black "Kuligowski, Adam"]
[WhiteElo "2490"]
[BlackElo "2310"]
[Result "0-1"]
[EventDate "1978.08.06"]
[PlyCount "106"]
1. Nf3 Nf6 2. b3 b6 3. Bb2 Bb7 4. g3 e6 5. Bg2 Be7 6. O-O O-O 7. c4 d5 8. cxd5 exd5 9. d4 Nbd7 10. Nbd2 Re8 11. Ne5 c5 12. Ndf3 Ne4 13. Rc1 Bd6 14. Bh3 Bxe5 15. dxe5 d4 16. e3 Nxe5 17. Nxe5 Ng5 18. Bg2 Bxg2 19. Kxg2 Rxe5 20. exd4 Rd5 21. Qg4 cxd4 22. f4 Ne4 23. f5 Nf6 24. Qf3 Rc8 25. Rxc8 Qxc8 26. Rc1 Rc5 27. Rc4 h6 28. Bxd4 Rxc4 29. bxc4 Qxc4 30. Bxf6 Qxa2+ 31. Kh3 gxf6 32. Qg4+ Kh7 33. Qd4 Kg7 34. Qg4+ Kf8 35. Qb4+ Kg8 36. Qg4+ Kh8 37. Qd4 b5 38. Qxf6+ Kh7 39. g4 Qb3+ 40. Kh4 b4 41. Qe7 Qa2 42. h3 Qf2+ 43. Kh5 Qd4 44. h4 Kg7 45. Qb7 Qd6 46. Qxa7 Qd5 47. Qc7 b3 48. Qf4 Qc6 49. Qd4+ Kh7 50. Qa7 Qe8 51. Qb7 b2 52. f6 Qe5+ 53. g5 Qe2+ 0-1